000 00562nam a22001817a 4500
005 20251108164221.0
008 250721s9999 xx 000 0 ara d
082 1 4 _a617.6/محم
100 1 _aالعاني، محمد زياد
245 1 0 _aالمرشد في أصول التخدير الموضعي في طب الأسنان /
264 1 _aدمشق :
_bدار المعلقة الجديد،
_c[19-].
300 _a155ص
650 1 7 _aطب الأسنان
650 1 7 _aالجراحة
700 1 _aالناصر، حسام
942 _2ddc
_cBK
999 _c6638
_d6638